Thực tập kỹ thuật số

Trình bày lý thuyết và thực hành 14 bài kỹ thuật số cơ bản. Hướng dẫn thí nghiệm các bài: Các cửa lôgic cơ bản, của hoặc tuyệt đối, hợp kênh và phân kênh, chuyển đổi mã và giải mã, mạch số học, mạch đếm......

Descripció completa

Guardat en:
Dades bibliogràfiques
Autor principal: Lê, Xuân Thê
Format: Llibre
Idioma:Undetermined
Publicat: Hà Nội Đại học Quốc gia Hà Nội 2004
Matèries:
Etiquetes: Afegir etiqueta
Sense etiquetes, Sigues el primer a etiquetar aquest registre!
Thư viện lưu trữ: Trung tâm Học liệu Trường Đại học Cần Thơ
LEADER 00905nam a2200193Ia 4500
001 CTU_87312
008 210402s9999 xx 000 0 und d
082 |a 621.3815 
082 |b Th250 
100 |a Lê, Xuân Thê 
245 0 |a Thực tập kỹ thuật số 
245 0 |c Lê Xuân Thê 
260 |a Hà Nội 
260 |b Đại học Quốc gia Hà Nội 
260 |c 2004 
520 |a Trình bày lý thuyết và thực hành 14 bài kỹ thuật số cơ bản. Hướng dẫn thí nghiệm các bài: Các cửa lôgic cơ bản, của hoặc tuyệt đối, hợp kênh và phân kênh, chuyển đổi mã và giải mã, mạch số học, mạch đếm... 
650 |a Digital electronics,Điện tử kỹ thuật số 
904 |i Trúc 
980 |a Trung tâm Học liệu Trường Đại học Cần Thơ